Environmental and ecological history: A multidisciplinary approach (Record no. 394964)

MARC details
000 -LEADER
fixed length control field 00549 a2200193 4500
005 - DATE & TIME
control field 20260121105302.0
008 - FIXED-LENGTH DATA ELEMENTS--GENERAL INFORMATION
fixed length control field 260119b |||||||| |||| 00| 0 eng d
020 ## - ISBN
International Standard Book Number 9789391854850
Price Rs. 1995.00
040 ## - CATALOGING SOURCE
Original cataloging agency VIVEKANANDA LIBRARY
082 ## - DDC NUMBER
Classification number 304.209
Book Number B53E
100 ## - MAIN ENTRY--PERSONAL NAME
Personal name Birajdar, Bhimashankar
245 ## - TITLE STATEMENT
Title Environmental and ecological history: A multidisciplinary approach
260 ## - PUBLICATION, DISTRIBUTION, ETC. (IMPRINT)
Name of publisher, distributor, etc Studera Press
Date of publication, distribution, etc 2026
Place of publication, distribution, etc New Delhi
300 ## - PHYSICAL DESCRIPTION
Pages xxiii, 228
650 ## - Subject
Subject Human Ecology
650 ## - Subject
Subject Historical Treatment
650 ## - Subject
Subject Social Behavior
942 ## - ADDED ENTRY ELEMENTS (KOHA)
Koha item type Books
Holdings
Withdrawn status Lost status Source of classification or shelving scheme Damaged status Not for loan Location (home branch) Sublocation or collection (holding branch) Shelving location Date acquired Koha issues (times borrowed) Koha full call number Accession No. Koha date last seen Koha item type
    Dewey Decimal Classification     VIVEKANANDA LIBRARY VIVEKANANDA LIBRARY Vivekananda Library 24/12/2025   304.209 B53E 443820 24/12/2025 Books
© Designed and Maintained by Vivekananda Library, MDU Rohtak